| 000 | 00488nam a2200169Ia 4500 | ||
|---|---|---|---|
| 999 |
_c13734 _d13734 |
||
| 003 | OSt | ||
| 005 | 20201001132423.0 | ||
| 008 | 190216s9999||||xx |||||||||||||| ||und|| | ||
| 040 | _coclc | ||
| 082 |
_a811.52 _bSAR/R |
||
| 100 |
_aSaradhi, K P _94947 |
||
| 245 | 0 |
_aRobert Frost Selected Poems / _cKP Saradhi |
|
| 260 |
_bLakshmi Narain Agarwal Pub, _c1988. _aAgra: |
||
| 300 | _a212p | ||
| 650 | _aEnglish Poetry | ||
| 942 |
_cBK _2ddc _h811.52 _iSAR/R _k811.52 _mSAR/R |
||